000 00698nam a2200217 a 4500
001 41274
003 BD-RjUL
005 20211209053346.0
008 160528s1990 cau||||| |||| 00| 0 eng d
020 _a0534123449
035 _a(BD-RjUL) 41391
040 _aBD-RjUL
_beng
_cBD-RjUL
041 _aeng
082 _223
_a785.065
_bWUS 1990
100 1 _aWurtz, Lucy Valentine
_9126974
245 1 0 _aStudy guide for Flammang, Gordon, Lukes, and Smorsten's :
_bAmerican politics in a changing world /
_cLucy Valentine Wurtz
260 _aCalifornia :
_bBrooks/Cole, cop. ;
_bPacific Grove, Cal.,
_c1990.
300 _a[6], 231 p. ;
_c24 cm.
650 _aPolitieke situatie
_9126975
942 _2ddc
_cBK
999 _c41274
_d41274